Sklízecí mlátičky ve sbírce Národního zemědělského muzea /

Hlavní autor: Ballová, Markéta
Korporativní autor: Národní zemědělské muzeum (Praha, Česko)
Jazyk: Čeština
Vydáno: Praha : Národní zemědělské muzeum, 2024
Vydání: Vydání první
Témata:
Fyzický popis: 91 stran : ilustrace (převážně barevné) ; 28 cm
Language note: Anglické resumé
Knihy
Uloženo v:
LEADER 02101cam a2200565 i 4500
001 nkc20243662249
003 CZ PrNK
005 20250410102234.0
007 ta
008 241216s2024 xr a e c 000 0 cze
015 |a cnb003662249 
020 |a 978-80-88270-46-1  |q (brožováno) 
035 |a (OCoLC)1519102255 
040 |a ABA001  |b cze  |d OLA001  |e rda 
041 0 |a cze  |b eng 
043 |a e-xr---  |b e-xr-pg  |2 czenas 
072 7 |a 63  |x Zemědělství a příbuzné oblasti vědy a techniky  |2 Konspekt  |9 24 
080 |a 069:63  |2 MRF 
080 |a 069.5  |2 MRF 
080 |a 631.354.026  |2 MRF 
080 |a (437.311)  |2 MRF 
080 |a (083.82)  |2 MRF 
100 1 |a Ballová, Markéta  |7 mzk20251249449  |4 aut 
245 1 0 |a Sklízecí mlátičky ve sbírce Národního zemědělského muzea /  |c Markéta Ballová 
250 |a Vydání první 
264 1 |a Praha :  |b Národní zemědělské muzeum,  |c 2024 
300 |a 91 stran :  |b ilustrace (převážně barevné) ;  |c 28 cm 
336 |a text  |b txt  |2 rdacontent 
336 |a statický obraz  |b sti  |2 rdacontent 
337 |a bez média  |b n  |2 rdamedia 
338 |a svazek  |b nc  |2 rdacarrier 
504 |a Obsahuje bibliografii a bibliografické odkazy 
546 |a Anglické resumé 
610 2 7 |a Národní zemědělské muzeum (Praha, Česko)  |7 kn20010709077  |2 czenas 
650 0 7 |a zemědělská muzea  |7 ph487797  |z Česko  |2 czenas 
650 0 7 |a muzejní sbírky  |7 ph137908  |z Česko  |2 czenas 
650 0 7 |a sklízecí mlátičky  |7 ph116159  |2 czenas 
650 0 9 |a agricultural museums  |z Czechia  |2 eczenas 
650 0 9 |a museum collections  |z Czechia  |2 eczenas 
650 0 9 |a threshing-machines  |2 eczenas 
651 7 |a Praha (Česko)  |7 ge118011  |2 czenas 
651 9 |a Prague (Czechia)  |2 eczenas 
655 7 |a katalogy  |7 fd132535  |2 czenas 
655 9 |a catalogs  |2 eczenas 
710 2 |a Národní zemědělské muzeum (Praha, Česko)  |7 kn20010709077  |4 col  |4 isb 
910 2 |a BOA001  |b 3-1543.047 
990 |a BK 
995 |a 01 
991 |b 202504  |c NOV 
996 6 |b 2610999524  |c 3-1543.047  |l MZK  |r Sklad / do 1 hodiny  |n 0  |p p.v.  |w 002000617  |u 000010  |a 1  |e BOA001  |j MZK50  |s P